00515cam a22002051 4500001001300000003000400013005001700017008004100034010001700075035002000092040003700112042001200149050001900161100003200180245001600212260003400228300001900262500001300281999001500294af 48003669 DLC20260227110903.0890617s1944 ne 000 1 dut c aaf 48003669  a(OCoLC)19884335 aCalifornia. Univ. Libr.cCUdDLC apremarc00aPT5868.S38bD51 aSchuttevaêr-Velthuijs, N.10aDieuwertje. aAntwerpen,bDie Keurec[1944] a286 p.c21 cm. aA novel. c5716d5716